000 00852nam a2200241Ia 4500
003 GCL
005 20240530095241.0
008 140319s9999 xx 000 0 ara d
020 _a9902019977
040 _aGCL /
_cGCL
082 0 4 _a962.031
_bق/ب ح
100 1 _aبول، صوفيا لين
245 1 0 _aحريم محمد على باشا /
_cبول، صوفيا لين
250 _aالثانية
260 _aالقاهرة :
_bشركة مطابع لوتس ،
_c2000
300 _a338 ص ؛
_c24 سم
650 0 4 _aالمرأة فى مصر
650 0 4 _aمصر - تاريخ - العصر الحديث - عصر محمد على ( 1805- 1849 م )
650 0 4 _aالزواج - مصر
650 0 4 _aمصر - العادات والتقاليد - تاريخ
650 0 4 _aالمرأة - تاريخ - عصر محمد على
942 _2ddc
_cBK
999 _c5441
_d5441